The helpful princess

Bibliographic Details
Main Author: Surina
Corporate Author: Title
Format: Book
Published: Kuala Lumpur : Penerbitan Fargoes , 1990
Series:Science adventure story
Subjects:

MARC

LEADER 00000cam a2200000 7i4500
001 0000002073
005 20220105103932.0
008 070710
020 |a 9831280849 
090 0 0 |a JP   |b AD ENG (2039) 
100 0 |a Surina 
245 1 4 |a The helpful princess   |c Surina 
260 |a Kuala Lumpur :   |b Penerbitan Fargoes ,   |c 1990 
440 0 |a Science adventure story 
500 |a Children age 4-6 years old (yellow) 
650 0 |a Adventure 
650 0 |a Junior preschool   |x English   |x Languages 
710 0 |a Title 
999 |a 0000897555   |b Book   |c Children Collection   |e Cawangan Tmn. Ungku Tun Aminah 
999 |a 0000897556   |b Book   |c Children Collection   |e Cawangan Tmn. Ungku Tun Aminah 
999 |a 0000897560   |b Book   |c Children Collection   |e Cawangan Pontian 
999 |a 0000897563   |b Book   |c Children Collection   |e Cawangan Bandar Penawar 
999 |a 0000897564   |b Book   |c Children Collection   |e Cawangan Bandar Penawar 
999 |a 0000967428   |b Book   |c Children Collection   |e Perbadanan Perpustakaan Awam Johor 
999 |a 0000967430   |b Book   |c Children Collection   |e Perbadanan Perpustakaan Awam Johor 
999 |a 0000967431   |b Book   |c Children Collection   |e Cawangan Kota Tinggi